Ciencias Sociales 1 /

Guardado en:
Autor Principal: Musa, Marcelo.
Formato: Libro
Idioma:Undetermined
Publicado: Ciudad Autónoma de Buenos Aires : SM, 2017.
Series:Savia
Materias:
Etiquetas: Agregar Etiqueta
Sin Etiquetas, Sea el primero en etiquetar este registro!
LEADER 01065nam a22001935a 4500
001 CEM.cems018786
008 210907s2017####xx############000#0#und#d
005 20221004161838.0
245 1 0 |a Ciencias Sociales 1 /  |c Marcelo Musa … [et al.]. 
260 |a Ciudad Autónoma de Buenos Aires :  |b SM,  |c 2017. 
300 |a 272 p. 
490 1 |a Savia 
500 |a Enseñanza secundaria. 
505 0 |a Las herramientas de la Geografía -- El mundo en que vivimos -- La relación sociedad-naturaleza -- La población mundial -- Los espacios urbanos y rurales -- El estudio de la Historia -- Los primeros seres humanos -- El poblamiento de América -- El Neolítico -- La antigua Mesopotamia -- El antiguo Egipto -- Primeras sociedades urbanas de América -- La antigua Grecia -- Roma: de monarquía a imperio -- La fragmentación del mundo mediterráneo -- La Europa feudal -- La Europa feudal: expansión y crisis 
020 |a 9789877315356 
100 1 |a Musa, Marcelo. 
082 0 4 |a 302 
653 |a Ciencias sociales 
859 |a CEMS  |b BIB. CEMS - 11 de abril  |h 302  |i M97  |p 28363.19  |t Ej.1  |v 1